Rozponaj zawodnika FC Barcelony #3 - Statystyki

Ogólne statystyki
  • Ten quiz został rozwiązany 47 razy
  • Średni wynik to 9 z 16
Statystyki odpowiedzi
Obrazkowy Odpowiedź % Poprawnych
Sergio Agüero
98%
Pep Guardiola
90%
Clément Lenglet
88%
Deco
88%
Jordi Alba
83%
Yaya Touré
76%
Sergi Roberto
71%
Lucas Digne
57%
Michael Laudrup
55%
Aleix Vidal
45%
Henrik Larsson
45%
Marc Bernal
45%
Jari Litmanen
31%
Andoni Zubizarreta
26%
Ludovic Giuly
17%
Simão Sabrosa
14%
Nie znaleziono quizów pasujących do podanych kryteriów
Rozkład punktacji
Procent ludzi z każdym wynikiem
Percentyl według liczby udzielonych odpowiedzi
Twoja historia wyników
Nie rozwiązałeś tego quizu